KOHA-Header-6

Discrete Mathematics For Computer Scientists (Record no. 6002)

000 -LEADER
fixed length control field 00283nam a2200109Ia 4500
008 - FIXED-LENGTH DATA ELEMENTS--GENERAL INFORMATION
fixed length control field 190906s9999||||xx |||||||||||||| ||und||
100 ## - MAIN ENTRY--PERSONAL NAME
Personal name Truss J.K.
245 #0 - TITLE STATEMENT
Title Discrete Mathematics For Computer Scientists
260 ## - PUBLICATION, DISTRIBUTION, ETC. (IMPRINT)
Place of publication, distribution, etc New Delhi
Name of publisher, distributor, etc Bantam Books Inc
Date of publication, distribution, etc 1991
300 ## - PHYSICAL DESCRIPTION
Extent 565
942 ## - ADDED ENTRY ELEMENTS (KOHA)
Koha item type Books
Holdings
Withdrawn status Lost status Source of classification or shelving scheme Damaged status Not for loan Collection code Permanent Location Current Location Shelving location Date acquired Full call number Barcode Date last seen Price effective from Koha item type
          Mathematics MAJU MAJU Shelf No.A26 2019-09-06 658.8 4610 2019-09-06 2019-09-06 Mathematics

Powered by Koha